| 000 | 01775cam a2200457Ma 4500 | ||
|---|---|---|---|
| 999 |
_c3456 _d3456 |
||
| 001 | .b25932214 | ||
| 003 | OCoLC | ||
| 005 | 20240122102944.0 | ||
| 008 | 161125s2011 enka 000 d eng d | ||
| 020 |
_a9780007902361 _q(pbk.) |
||
| 020 |
_a0007902360 _q(paperback) |
||
| 035 | _a(OCoLC)812062202 | ||
| 040 |
_aUKMGB _beng _cUKMGB _dOCLCO _dOCLCF _dOCLCO _dOCLCQ _dRDI _dKH8 |
||
| 042 | _anbic | ||
| 043 | _ae-it--- | ||
| 082 | 0 | 4 |
_a822.33 SHA _223 |
| 100 | 1 |
_aShakespeare, William, _d1564-1616, _eauthor. |
|
| 245 | 1 | 0 |
_aRomeo and Juliet / _cWilliam Shakespeare ; general editor: R.B. Kennedy ; additional notes and editing Mike Gould. |
| 250 | _aHarper Press paperback edition. | ||
| 260 |
_aLondon : _bHarper Press, _c2011. |
||
| 300 |
_axx, 300 pages : _b1 illustration (black and white) ; _c18 cm. |
||
| 336 |
_atext _btxt _2rdacontent. |
||
| 337 |
_aunmediated _bn _2rdamedia. |
||
| 338 |
_avolume _bnc _2rdacarrier. |
||
| 490 | 0 | _aCollins classics. | |
| 490 | 0 | _aThe Alexander Shakespeare. | |
| 600 | 1 | 0 |
_aShakespeare, William, _d1564-1616. _tRomeo and Juliet. |
| 630 | 0 | 7 |
_aRomeo and Juliet (Shakespeare, William) _2fast _0(OCoLC)fst01356193. |
| 650 | 0 |
_aRomeo (Fictitious character) _vDrama. |
|
| 650 | 0 |
_aJuliet (Fictitious character) _vDrama. |
|
| 650 | 0 |
_aVendetta _zItaly _zVerona _vDrama. |
|
| 650 | 7 |
_aJuliet (Fictitious character) _2fast _0(OCoLC)fst00984804. |
|
| 650 | 7 |
_aRomeo (Fictitious character) _2fast _0(OCoLC)fst01100152. |
|
| 650 | 7 |
_aVendetta. _2fast _0(OCoLC)fst01165132. |
|
| 651 | 0 |
_aVerona (Italy) _vDrama. |
|
| 651 | 7 |
_aItaly _zVerona. _2fast _0(OCoLC)fst01204568. |
|
| 655 | 7 |
_aDrama. _2fast _0(OCoLC)fst01423879. |
|
| 700 | 1 |
_aKennedy, R. B, _eeditor. |
|
| 700 | 1 |
_aGould, Mike, _ewriter of added commentary, _eeditor. |
|
| 942 |
_2ddc _cTR |
||